000
00309nam a22001337a 4500
008
170925b xxu||||| |||| 00| 0 eng d
020
_a
9781416608370
041
_a
eng
080
_a
37
100
_a
46
101
_a
EDU
245
_a
PROTOLS FOR PEOFSESIPNALS LEARNING
_c
EASTON.L.B
942
_2
udc
_c
BK
999
_c
29705
_d
29705